Manshū imin /

Saved in:
Bibliographic Details
Other Authors: Yamada, Shōji.
Format: Book
Language:Japanese
Published: Tōkyō : Shin Jinbutsu Ōraisha, 1978.
Series:Kindai minshū no kiroku ; 6.
Subjects:
Tags: Add Tag
No Tags, Be the first to tag this record!
LEADER 03172nam a2200373 i 4500
001 007714475-9
005 20024617115958.0
008 901018s1978 ja 000 0 jpn
010 |a 78811642 /J 
015 |a Ja78-12277 
035 0 |a ocm22534098 
035 0 |a ocm22534098  |z ocm33517635 
040 |a DLC  |c WaU  |d *YNH*  |d CStRLIN 
050 0 |a HD1516.C6  |b M347 
245 0 0 |6 880-01  |a Manshū imin /  |c Yamada Shōji hen. 
260 |6 880-02  |a Tōkyō :  |b Shin Jinbutsu Ōraisha,  |c 1978. 
300 |a 587 p. ;  |c 22 cm. 
490 1 |6 880-03  |a Kindai minshū no kiroku ;  |v 6 
505 1 |6 880-04  |a Kaisetsu -- Nōson kōsei nikki / Furune Takezō -- Hōkoku nōjō nisshi / Nezuka Isamatsu -- Ōhinata bunson keikaku no kaisetsu / Naganoken Kōsei Kyōkai -- Manshū nōgyō ijūchi shisatsu hōkoku / Naganoken -- Ōhinata-mura dai ichinendo kensetsu jōkyō hōkoku / Naganoken Kōsei Kyōkai -- Ōhinata-mura kaitakudan nōka keizai chōsa / Manshū Kokuritsu Kaitaku Kenkyūjo -- Ōhinata-mura Manshū imin kikigaki / Rekishi Kyōikusha Kyōgikai Daigaku Bukai Manshū Imin Kenkyūkai -- Manshū nōgyō imin hōsaku / Mantetsu keizai chōsakai -- Manshū imin shimon gijiroku / Kantōgun Tōchibu -- Manshū imin o kataru / Katō Kanji hoka -- 
500 |6 880-05  |a Manshūkoku kaitakuchi hanzai gaiyō / Manshūkoku Saikō Kensatsuchō -- Manshū nōgyō iminshi kenkyū no kiso shiryō / Manshū Iminshi Kenkyūkai -- Manshū imin ronkō 1 Manshū nōgyō imin seisakushi / Asada Kyōji -- Manshū imin ronkō 2 Nihon teikoku shugi to Chūgoku tōhoku / Yoda Yoshiie -- Manshū imin ronkō 3 Nihon no fashizumu to minshū / Takahashi Yasutaka. 
650 0 |a Agricultural colonies  |z China  |z Manchuria  |x History. 
651 0 |a Manchuria (China)  |x Emigration and immigration  |x History. 
650 0 |a Japanese  |z China  |z Manchuria  |x History. 
700 1 |6 880-06  |a Yamada, Shōji. 
880 0 0 |6 245-01  |a 満州移民 /  |c 山田昭次編. 
880 |6 260-02  |a 東京 :  |b 新人物往来社,  |c 1978. 
880 1 |6 490-03  |a 近代民衆の記錄 ;  |v 6 
880 1 |6 505-04  |a 解說 -- 農村更生日記/ 古根武三 -- 報国農場日誌/ 根塚伊三松 -- 大日向分村計画の解說/ 長野県更生協会 -- 満州農業移住地視察報告/ 長野県 -- 大日向村第一年度建設情況報告/ 長野県更生協会 -- 大日向村開拓団農家経済調查/ 満州国立開拓研究所 -- 大日向村満州移民聞き書き/ 歴史教育者協議会大学部会満州移民研究会 -- 満州農業移民方策/ 満鉄経済調查会 -- 満州移民諮問議事錄/ 関東軍統治部 -- 満州移民を語る/ 加藤完治ほか -- 
880 |6 500-05  |a 満州国開拓地犯罪槪要/ 満州国最高検察庁 -- 満州農業移民史研究の基礎資料/ 満州移民史研究会 -- 満州移民論考1 満州農業移民政策史/ 浅田喬二 -- 満州移民論考2 日本帝国主義と中国東北/ 依田憙家 -- 満州移民論考3 日本のファシズムと民衆/ 高橋泰隆. 
880 1 |6 700-06  |a 山田昭次. 
830 0 |6 880-53  |a Kindai minshū no kiroku ;  |v 6. 
880 0 |6 830-53  |a 近代民衆の記錄 ;  |v 6. 
988 |a 20021214 
906 |0 DLC